<?xml version="1.0" encoding="UTF-8"?>
<collection xmlns="http://www.loc.gov/MARC21/slim">
 <record>
  <leader>02639nam a2200301 a 4500</leader>
  <controlfield tag="001">TVCDKTCT9214</controlfield>
  <controlfield tag="003">Thư viện trường Cao đẳng Kỹ thuật Cao Thắng</controlfield>
  <controlfield tag="005">20080424000000</controlfield>
  <controlfield tag="008">080424</controlfield>
  <datafield tag="980" ind1="\" ind2="\">
   <subfield code="a">Thư viện Trường CĐ Kỹ Thuật Cao Thắng</subfield>
  </datafield>
  <datafield tag="024" ind1=" " ind2=" ">
   <subfield code="a">RG_1 #1 eb0 i1</subfield>
  </datafield>
  <datafield tag="041" ind1="0" ind2="#">
   <subfield code="a">vie</subfield>
  </datafield>
  <datafield tag="082" ind1="#" ind2="#">
   <subfield code="a">170 / </subfield>
   <subfield code="b">Đ108Đ-ph</subfield>
  </datafield>
  <datafield tag="100" ind1="1" ind2="#">
   <subfield code="a">Phạm Khắc Chương</subfield>
  </datafield>
  <datafield tag="245" ind1="0" ind2="0">
   <subfield code="a">Đạo đức học /</subfield>
   <subfield code="c">Phạm Khắc Chương, Nguyễn Thị Yến Phương</subfield>
  </datafield>
  <datafield tag="250" ind1="#" ind2="#">
   <subfield code="a">In lần thứ 1</subfield>
  </datafield>
  <datafield tag="260" ind1="#" ind2="#">
   <subfield code="a">H. :</subfield>
   <subfield code="b">Đại học Sư phạm ,</subfield>
   <subfield code="c">2007</subfield>
  </datafield>
  <datafield tag="300" ind1="#" ind2="#">
   <subfield code="a">161tr. ;</subfield>
   <subfield code="c">21cm.</subfield>
  </datafield>
  <datafield tag="520" ind1="#" ind2="#">
   <subfield code="a">Cuốn sách &quot;Đạo đức học&quot; của tác giả Phạm Khắc Chương và Nguyễn Thị Yến Phương dùng cho các trường đại học, cao đẳng sư phạm đã trình bày một cách logic những vấn đề của đạo đức học theo thứ tự các vấn đề như:</subfield>
  </datafield>
  <datafield tag="520" ind1="#" ind2="#">
   <subfield code="a"> Chương I: Trình bày những vấn đề cơ bản thế nào là đạo đức và đạo đức học và các phương pháp nghiên cứu của đạo đức học;</subfield>
  </datafield>
  <datafield tag="520" ind1="#" ind2="#">
   <subfield code="a"> Chương II: Trình bày mối quan hệ giữa đạo đức và các hình thái ý thức xã hội như: quan hệ giữa đạo đức và chính trị, đạo đức và pháp luật, đạo đức và khoa học, đạo đức và tôn giáo;</subfield>
  </datafield>
  <datafield tag="520" ind1="#" ind2="#">
   <subfield code="a"> Chương III: Là một số phạm trù cơ bản của đạo đức học;</subfield>
  </datafield>
  <datafield tag="520" ind1="#" ind2="#">
   <subfield code="a"> Chương IV: Những truyền thống đạo đức tốt đẹp của dân tộc như: tôn trọng lao động, yêu nước, trọng nhân nghĩa, trọng lễ độ, trọng chữ tín, cần kiệm liêm chính;</subfield>
  </datafield>
  <datafield tag="520" ind1="#" ind2="#">
   <subfield code="a">Chương V: Giáo dục đạo đức mới cho học sinh;</subfield>
  </datafield>
  <datafield tag="520" ind1="#" ind2="#">
   <subfield code="a">Chương VI: Học tập, tu dưỡng đạo đức cách mạng của Chủ tịch Hồ Chí Minh: Lòng yêu nước , sự trung thành với Tổ quốc, chí khí cách mạng kiên cường, tinh thần độc lập tự chủ, cần kiệm, liêm chính, chí công, vô tư, khiêm tốn, giản dị, học tập suốt đời;</subfield>
  </datafield>
  <datafield tag="520" ind1="#" ind2="#">
   <subfield code="a"> Chương VII: Một số phương pháp giảng dạy và giáo dục đạo đức cho học sinh trong nhà trường phổ thông.</subfield>
  </datafield>
  <datafield tag="650" ind1="#" ind2="4">
   <subfield code="a">Đạo đức học</subfield>
  </datafield>
  <datafield tag="700" ind1="0" ind2="#">
   <subfield code="a">Nguyễn Thị Yến Phương</subfield>
  </datafield>
 </record>
</collection>
